[Event "448. Wednesday (05.08.2020)"]
[Site "Official B"]
[Date "2020.08.05"]
[Round "4"]
[White "Belmonte"]
[Black "Hühnersuppe"]
[Result "0-1"]
[WhiteElo "1394"]
[BlackElo "1736"]
[Annotator "NA RC"]
[PlyCount "90"]
[EventDate "2020.08.05"]
[EventType "swiss (blitz)"]

1. c4 {[%emt 0:00:01]} e5 {[%emt 0:00:05]} 2. d3 {[%emt 0:00:01]} f5 {[%emt 0:00:04]} 3. Nc3 {[%emt 0:00:01]} Nf6 {[%emt 0:00:05]} 4. g3 {[%emt 0:00:01]} c6 {[%emt 0:00:02]} 5. Bg2 {[%emt 0:00:01]} Bb4 {[%emt 0:00:03]} 6. Nf3 {[%emt 0:00:04]} d6 {[%emt 0:00:02]} 7. O-O {[%emt 0:00:01]} O-O {[%emt 0:00:03]} 8. Bg5 {[%emt 0:00:03]} Nbd7 {[%emt 0:00:03]} 9. a3 {[%emt 0:00:02]} Bxc3 {[%emt 0:00:02]} 10. bxc3 {[%emt 0:00:01]} h6 {[%emt 0:00:01]} 11. Bxf6 {[%emt 0:00:01]} Qxf6 {[%emt 0:00:05]} 12. Qd2 {[%emt 0:00:05]} Nc5 {[%emt 0:00:07]} 13. d4 {[%emt 0:00:08]} Nb3 {[%emt 0:00:03]} 14. Qb2 {[%emt 0:00:06]} Nxa1 {[%emt 0:00:02]} 15. Rxa1 {[%emt 0:00:05]} e4 {[%emt 0:00:04]} 16. Nd2 {[%emt 0:00:08]} d5 {[%emt 0:00:02]} 17. cxd5 {[%emt 0:00:02]} cxd5 {[%emt 0:00:02]} 18. c4 {[%emt 0:00:02]} Rd8 {[%emt 0:00:21]} 19. cxd5 {[%emt 0:00:02]} Rxd5 {[%emt 0:00:01]} 20. e3 {[%emt 0:00:02]} Kh7 {[%emt 0:00:03]} 21. Rc1 {[%emt 0:00:19]} Rb8 {[%emt 0:00:12]} 22. Rc7 {[%emt 0:00:08]} Rd7 {[%emt 0:00:09]} 23. Rxd7 {[%emt 0:00:04]} Bxd7 {[%emt 0:00:02]} 24. Nc4 {[%emt 0:00:01]} Bc6 {[%emt 0:00:17]} 25. Ne5 {[%emt 0:00:04]} Re8 {[%emt 0:00:08]} 26. h4 {[%emt 0:00:07]} g5 {[%emt 0:00:12]} 27. hxg5 {[%emt 0:00:07]} hxg5 {[%emt 0:00:03]} 28. Qb4 {[%emt 0:00:17]} f4 {[%emt 0:00:04]} 29. Bh3 {[%emt 0:00:35]} fxe3 {[%emt 0:00:05]} 30. fxe3 {[%emt 0:00:09]} Rf8 {[%emt 0:00:17]} 31. Qd2 {[%emt 0:00:25]} Bb5 {[%emt 0:00:18]} 32. Qc2 {[%emt 0:00:28]} Bd3 {[%emt 0:00:12]} 33. Qc7+ {[%emt 0:00:05]} Kh8 {[%emt 0:00:06]} 34. Ng4 {[%emt 0:00:28]} Qf7 {[%emt 0:00:22]} 35. Qe5+ {[%emt 0:00:07]} Qg7 {[%emt 0:00:01]} 36. Qxg7+ {[%emt 0:00:08]} Kxg7 {[%emt 0:00:02]} 37. Ne5 {[%emt 0:00:06]} b5 {[%emt 0:00:07]} 38. Be6 {[%emt 0:00:06]} Rf1+ {[%emt 0:00:07]} 39. Kg2 {[%emt 0:00:02]} Ra1 {[%emt 0:00:04]} 40. Kh3 {[%emt 0:00:13]} Rxa3 {[%emt 0:00:04]} 41. d5 {[%emt 0:00:00]} b4 {[%emt 0:00:05]} 42. d6 {[%emt 0:00:01]} Bb5 {[%emt 0:00:02]} 43. d7 {[%emt 0:00:03]} Bxd7 {[%emt 0:00:01]} 44. Nxd7 {[%emt 0:00:01]} b3 {[%emt 0:00:02]} 45. Bxb3 {[%emt 0:00:01]} Rxb3 {[%emt 0:00:01] Zeit (Lag: Av=1.48s, max=2.4s)} 0-1

[Event "448. Wednesday (05.08.2020)"]
[Site "Official B"]
[Date "2020.08.05"]
[Round "4"]
[White "Serrano2003"]
[Black "Vhêne"]
[Result "1-0"]
[WhiteElo "1373"]
[BlackElo "1461"]
[Annotator "NA RC"]
[PlyCount "105"]
[EventDate "2020.08.05"]
[EventType "swiss (blitz)"]

1. e4 {[%emt 0:00:20]} e6 {[%emt 0:00:04]} 2. d4 {[%emt 0:00:03]} d5 {[%emt 0:00:01]} 3. e5 {[%emt 0:00:02]} c5 {[%emt 0:00:02]} 4. c3 {[%emt 0:00:02]} Nc6 {[%emt 0:00:03]} 5. Nf3 {[%emt 0:00:02]} Qb6 {[%emt 0:00:02]} 6. Qb3 {[%emt 0:00:04]} cxd4 {[%emt 0:00:06]} 7. Qxb6 {[%emt 0:00:03]} axb6 {[%emt 0:00:03]} 8. cxd4 {[%emt 0:00:01]} Nb4 {[%emt 0:00:06]} 9. Na3 {[%emt 0:00:06]} Ne7 {[%emt 0:00:06]} 10. Bd2 {[%emt 0:00:10]} Nbc6 {[%emt 0:00:02]} 11. O-O-O {[%emt 0:00:06]} Bd7 {[%emt 0:00:03]} 12. Kb1 {[%emt 0:00:01]} Nf5 {[%emt 0:00:03]} 13. Nb5 {[%emt 0:00:02]} Rc8 {[%emt 0:00:10]} 14. Bc3 {[%emt 0:00:05]} Bb4 {[%emt 0:00:10]} 15. Bxb4 {[%emt 0:00:03]} Nxb4 {[%emt 0:00:12]} 16. g4 {[%emt 0:00:01]} Bxb5 {[%emt 0:00:09]} 17. Bxb5+ {[%emt 0:00:03]} Nc6 {[%emt 0:00:02]} 18. gxf5 {[%emt 0:00:01]} exf5 {[%emt 0:00:01]} 19. Bxc6+ {[%emt 0:00:01]} Rxc6 {[%emt 0:00:02]} 20. Rc1 {[%emt 0:00:02]} O-O {[%emt 0:00:03]} 21. Rxc6 {[%emt 0:00:02]} bxc6 {[%emt 0:00:01]} 22. Rc1 {[%emt 0:00:02]} Rc8 {[%emt 0:00:02]} 23. Nd2 {[%emt 0:00:03]} g6 {[%emt 0:00:02]} 24. f4 {[%emt 0:00:02]} Kg7 {[%emt 0:00:02]} 25. h4 {[%emt 0:00:02]} f6 {[%emt 0:00:01]} 26. Nf3 {[%emt 0:00:03]} h6 {[%emt 0:00:03]} 27. exf6+ {[%emt 0:00:02]} Kxf6 {[%emt 0:00:01]} 28. Ne5 {[%emt 0:00:01]} c5 {[%emt 0:00:08]} 29. dxc5 {[%emt 0:00:02]} b5 {[%emt 0:00:02]} 30. c6 {[%emt 0:00:03]} g5 {[%emt 0:00:02]} 31. hxg5+ {[%emt 0:00:03]} hxg5 {[%emt 0:00:01]} 32. Nd7+ {[%emt 0:00:01]} Kg6 {[%emt 0:00:02]} 33. fxg5 {[%emt 0:00:01]} Kxg5 {[%emt 0:00:01]} 34. Rd1 {[%emt 0:00:05]} Rxc6 {[%emt 0:00:04]} 35. Rxd5 {[%emt 0:00:01]} Kf4 {[%emt 0:00:02]} 36. Rxb5 {[%emt 0:00:02]} Rd6 {[%emt 0:00:01]} 37. Nf8 {[%emt 0:00:02]} Ke4 {[%emt 0:00:04]} 38. a4 {[%emt 0:00:02]} f4 {[%emt 0:00:01]} 39. Nh7 {[%emt 0:00:07]} f3 {[%emt 0:00:02]} 40. Ng5+ {[%emt 0:00:02]} Ke3 {[%emt 0:00:01]} 41. Nxf3 {[%emt 0:00:02]} Kxf3 {[%emt 0:00:01]} 42. a5 {[%emt 0:00:01]} Ra6 {[%emt 0:00:02]} 43. b4 {[%emt 0:00:02]} Ke3 {[%emt 0:00:01]} 44. Rb6 {[%emt 0:00:01]} Ra7 {[%emt 0:00:02]} 45. a6 {[%emt 0:00:01]} Kd4 {[%emt 0:00:01]} 46. b5 {[%emt 0:00:01]} Kc5 {[%emt 0:00:02]} 47. Rb7 {[%emt 0:00:01]} Ra8 {[%emt 0:00:02]} 48. a7 {[%emt 0:00:01]} Kd6 {[%emt 0:00:08]} 49. b6 {[%emt 0:00:02]} Re8 {[%emt 0:00:10]} 50. Rb8 {[%emt 0:00:01]} Re1+ {[%emt 0:00:02]} 51. Kc2 {[%emt 0:00:02]} Re2+ {[%emt 0:00:02]} 52. Kd3 {[%emt 0:00:02]} Rb2 {[%emt 0:00:04]} 53. a8=Q {[%emt 0:00:02] Vhêne abandonne (Lag: Av=0.51s, max=0.8s)} 1-0

[Event "448. Wednesday (05.08.2020)"]
[Site "Official B"]
[Date "2020.08.05"]
[Round "5"]
[White "Sedarpl"]
[Black "Jhhonnyy"]
[Result "1-0"]
[WhiteElo "2177"]
[BlackElo "2165"]
[Annotator "TA"]
[PlyCount "83"]
[EventDate "2020.08.05"]
[EventType "swiss (blitz)"]

{[%evp 9,83,-25,-13,-22,-14,-19,11,-27,-14,-12,-4,-11,-15,-12,-12,-65,-61,-48,-29,-61,-59,-94,-85,-98,-95,-134,-135,-135,-131,-187,-185,-195,-184,-185,-182,-174,-112,-189,-67,-139,-58,-143,-130,-116,-76,-216,-208,-208,-220,-237,-237,-245,-227,-231,-229,-217,-222,-220,-217,-183,-28,-19,-26,-37,0,0,0,0,39,39,1081,1039,1023,1023,794,702]} 1. f4 d5 2. e3 g6 3. c3 Bg7 4. d4 Nh6 5. Nf3 O-O 6. Bd3 {A03: Bird's Opening with 1...d5.} c5 7. O-O b6 8. a4 {The position is equal.} Ba6 {[#]} 9. Bxa6 $146 ({Predecessor:} 9. Na3 Bxd3 10. Qxd3 Nc6 11. Ne5 Nxe5 12. fxe5 f6 13. e4 fxe5 14. Bxh6 Bxh6 15. Qh3 {0-1 (28) Benderev,Y-Tsvetkov,A Sofia 1950}) 9... Nxa6 10. Qe2 Nc7 {[%cal Ba6c7,Bc7e8,Be8f6,Bf6e4][%mdl 32]} 11. Na3 Ne8 12. Nb5 (12. dxc5 $11 bxc5 13. e4) 12... a6 $15 13. Na3 Nf6 14. c4 e6 $36 {[%mdl 2048] Black fights for an advantage.} 15. Bd2 Nf5 16. cxd5 exd5 17. Bc3 Re8 18. Nc2 Ne4 19. a5 (19. Rfd1 $17) 19... b5 $19 20. dxc5 {Threatening Bxg7.} Nxc3 ({Don't do} 20... Bxc3 21. bxc3 Nxc5 22. Nfd4 $17) ({Weaker is} 20... Nxc5 21. Bxg7 Kxg7 22. g4 $11) 21. bxc3 Bxc3 22. Rad1 Bxa5 (22... Rc8 $19 23. g4 Ng7) 23. Nfd4 {[#]} (23. g4 $17 {might work better.} Ng7 24. Ne5) 23... Qc8 (23... Nxd4 $1 $19 24. Nxd4 Rc8) 24. Nb3 (24. Qd3 $15) 24... Bc7 (24... Bc3 $17 {...d4! is the strong threat.} 25. g4 Ne7) 25. Rxd5 (25. Qf3 $15) 25... Qe6 $17 26. Rd3 Qc4 27. Qd2 {[#]} (27. g4 $17 Rad8 28. Rxd8 Qxe2 29. Rxe8+ Kg7 30. gxf5 Qxc2 {[%mdl 64] Double Attack} 31. Nd4 Qxc5 32. Rf2) 27... Rad8 $1 $19 {[%cal Rd8d3]} 28. Ncd4 {[#]} a5 $1 {[%cal Ba6a5,Ba5a4][%mdl 544]} 29. Rc1 (29. Nxa5 Bxa5) 29... Qd5 {And now ...a4 would win.} 30. Rd1 a4 31. Nxb5 Qxd3 32. Qxd3 Rxd3 33. Rxd3 axb3 ({Less strong is} 33... Rxe3 34. Rxe3 Nxe3 35. Nd2 $17) 34. Nxc7 Rxe3 $2 {[%mdl 4096] Endgame KRN-KRN} ({Black should try} 34... Rb8 $19 {White must now prevent ...b2.} 35. Rd1 Nxe3) 35. Rd8+ $11 Kg7 36. Rb8 $1 Rc3 37. Ne8+ Kh6 38. g4 Nd4 {aiming for ...Rc2.} 39. Nf6 $1 {Threatening mate with g5+.} Ne2+ $2 {[%mdl 8192]} (39... Rc1+ $14 40. Kf2 g5) 40. Kf1 $18 {g5+ would kill now.White is clearly winning.} Nxf4 {[#]} 41. g5+ $1 {[%mdl 576] Decoy} Kxg5 42. Ne4+ {[%mdl 64] Double Attack. What a bad dream for Black. Accuracy: White = 61%, Black = 55%.} 1-0

[Event "448. Wednesday (05.08.2020)"]
[Site "Official B"]
[Date "2020.08.05"]
[Round "5"]
[White "Sheded A"]
[Black "Legenda56"]
[Result "1-0"]
[WhiteElo "2042"]
[BlackElo "1840"]
[Annotator "NA RC"]
[PlyCount "107"]
[EventDate "2020.08.05"]
[EventType "swiss (blitz)"]

1. d4 {[%emt 0:00:02]} d5 {[%emt 0:00:02]} 2. c4 {[%emt 0:00:02]} c6 {[%emt 0:00:00]} 3. Nc3 {[%emt 0:00:01]} Nf6 {[%emt 0:00:01]} 4. Nf3 {[%emt 0:00:02]} e6 {[%emt 0:00:01]} 5. Bg5 {[%emt 0:00:02]} Nbd7 {[%emt 0:00:01]} 6. e3 {[%emt 0:00:01]} Qa5 {[%emt 0:00:07]} 7. Nd2 {[%emt 0:00:03]} Bb4 {[%emt 0:00:04]} 8. Qc2 {[%emt 0:00:02]} Ne4 {[%emt 0:00:07]} 9. Ndxe4 {[%emt 0:00:13]} dxe4 {[%emt 0:00:02]} 10. Bf4 {[%emt 0:00:01]} e5 {[%emt 0:00:05]} 11. dxe5 {[%emt 0:00:18]} Nxe5 {[%emt 0:00:03]} 12. Be2 {[%emt 0:00:02]} O-O {[%emt 0:00:09]} 13. O-O {[%emt 0:00:02]} Ng6 {[%emt 0:00:23]} 14. Qxe4 {[%emt 0:00:41]} Nxf4 {[%emt 0:00:12]} 15. Qxf4 {[%emt 0:00:03]} Bxc3 {[%emt 0:00:02]} 16. bxc3 {[%emt 0:00:02]} Qxc3 {[%emt 0:00:02]} 17. Rfc1 {[%emt 0:00:04]} Qd2 {[%emt 0:00:17]} 18. Bf1 {[%emt 0:00:05]} Be6 {[%emt 0:00:02]} 19. c5 {[%emt 0:00:02]} Bd5 {[%emt 0:00:20]} 20. a4 {[%emt 0:00:13]} b6 {[%emt 0:00:06]} 21. Qd4 {[%emt 0:00:08]} Qxd4 {[%emt 0:00:09]} 22. exd4 {[%emt 0:00:02]} Rfe8 {[%emt 0:00:08]} 23. Bd3 {[%emt 0:00:20]} bxc5 {[%emt 0:00:06]} 24. dxc5 {[%emt 0:00:20]} Rab8 {[%emt 0:00:02]} 25. Rab1 {[%emt 0:00:05]} g5 {[%emt 0:00:11]} 26. Kf1 {[%emt 0:00:12]} Kg7 {[%emt 0:00:04]} 27. a5 {[%emt 0:00:04]} h5 {[%emt 0:00:08]} 28. a6 {[%emt 0:00:02]} Kf6 {[%emt 0:00:08]} 29. f3 {[%emt 0:00:11]} h4 {[%emt 0:00:04]} 30. Kf2 {[%emt 0:00:12]} Ba2 {[%emt 0:00:17]} 31. Rb7 {[%emt 0:00:02]} Rxb7 {[%emt 0:00:06]} 32. axb7 {[%emt 0:00:01]} Rb8 {[%emt 0:00:07]} 33. Ba6 {[%emt 0:00:07]} Bd5 {[%emt 0:00:03]} 34. Re1 {[%emt 0:00:03]} Be6 {[%emt 0:00:17]} 35. h3 {[%emt 0:00:02]} Ke7 {[%emt 0:00:05]} 36. Rd1 {[%emt 0:00:01]} Bd5 {[%emt 0:00:04]} 37. Ke3 {[%emt 0:00:12]} Kd7 {[%emt 0:00:11]} 38. Kd4 {[%emt 0:00:16]} Kc7 {[%emt 0:00:16]} 39. Re1 {[%emt 0:00:01]} Be6 {[%emt 0:00:03]} 40. Ke5 {[%emt 0:00:09]} Rd8 {[%emt 0:00:02]} 41. Kf6 {[%emt 0:00:01]} Rd5 {[%emt 0:00:04]} 42. Rb1 {[%emt 0:00:03]} Kb8 {[%emt 0:00:01]} 43. Rc1 {[%emt 0:00:05]} Rd2 {[%emt 0:00:05]} 44. Kxg5 {[%emt 0:00:01]} Rxg2+ {[%emt 0:00:02]} 45. Kxh4 {[%emt 0:00:01]} Rh2 {[%emt 0:00:01]} 46. Kg5 {[%emt 0:00:01]} Rxh3 {[%emt 0:00:02]} 47. Kf6 {[%emt 0:00:01]} Rxf3+ {[%emt 0:00:02]} 48. Ke7 {[%emt 0:00:00]} Rd3 {[%emt 0:00:04]} 49. Rg1 {[%emt 0:00:01]} Rd7+ {[%emt 0:00:01]} 50. Kf6 {[%emt 0:00:01]} Rxb7 {[%emt 0:00:02]} 51. Rg8+ {[%emt 0:00:02]} Kc7 {[%emt 0:00:01]} 52. Bxb7 {[%emt 0:00:00]} Kxb7 {[%emt 0:00:01]} 53. Rg3 {[%emt 0:00:01]} Ka6 {[%emt 0:00:02]} 54. Ke5 {[%emt 0:00:00] Zeit (Lag: Av=0.56s, max=1.2s)} 1-0

[Event "448. Wednesday (05.08.2020)"]
[Site "Official B"]
[Date "2020.08.05"]
[Round "5"]
[White "Black Pianist"]
[Black "klausen"]
[Result "0-1"]
[WhiteElo "2023"]
[BlackElo "1993"]
[Annotator "TA"]
[PlyCount "50"]
[EventDate "2020.08.05"]
[EventType "swiss (blitz)"]

{[%evp 15,50,3,14,11,58,58,53,52,46,61,43,66,64,56,71,60,78,44,125,126,122,116,110,128,175,0,172,174,189,144,114,122,156,105,195,-343,-322]} 1. d4 e6 2. c4 Nf6 3. Nf3 b6 4. a3 Bb7 5. Bg5 d5 6. e3 Be7 7. Nc3 O-O 8. Rc1 Nbd7 9. cxd5 {E12: Queen's Indian: Unusual White 4th moves, 4 a3, 4 Nc3 Bb7 5 a3 and 4 Nc3 Bb7 .} Nxd5 10. Nxd5 Bxg5 11. Nxc7 {White is slightly better.} Rc8 12. Nb5 {[%cal Bc7b5,Bb5c3,Bc3e4][%mdl 32]} Rxc1 13. Qxc1 Bxf3 14. gxf3 {[#]} a6 $146 {[#]} ({Predecessor:} 14... e5 15. d5 Nf6 16. h4 Bh6 17. Qd2 Qd7 18. Nc3 Rd8 19. Bb5 Qf5 20. Qd1 g6 {1-0 (54) Rakhmanov,A (2654)-Narayanan,S (2469) Zalakaros 2016}) 15. Nc3 $1 e5 16. d5 ({Much weaker is} 16. Bxa6 exd4 17. Ne4 Bh6 $15) 16... Nc5 (16... b5 $14) 17. b4 $16 Nb7 18. Bxa6 Nd6 19. Ne4 Bh4 20. Bf1 $2 (20. Nxd6 $18 Qxd6 21. Qc6) 20... Nf5 $2 (20... Nxe4 $11 21. fxe4 Qf6) 21. Bh3 $18 Nd6 22. Qc6 Nxe4 23. fxe4 Qg5 {And now ...Qxe3+ would win.} 24. Qc3 (24. Qxb6 $142 {Qc5 is the strong threat.} Bxf2+ {[%mdl 64] Decoy} 25. Kxf2 Qh4+ 26. Ke2 Qxh3 27. Kd3) 24... Qf6 {[#]} (24... g6 $16 {might work better.} 25. Qd3 Rd8) 25. Qc2 $4 {[%mdl 8192]} (25. O-O $1 $18) 25... Qf3 $1 {[%csl LRe3,LRh1,LRh3][%mdl 64] Double Attack. Accuracy: White = 53%, Black = 48%.} 0-1

[Event "448. Wednesday (05.08.2020)"]
[Site "Official B"]
[Date "2020.08.05"]
[Round "5"]
[White "Oliverfab"]
[Black "AgentsofShield"]
[Result "0-1"]
[WhiteElo "1901"]
[BlackElo "1822"]
[Annotator "TA"]
[PlyCount "124"]
[EventDate "2020.08.05"]
[EventType "swiss (blitz)"]
[WhiteTeam "SV Laatzen"]

{[%evp 10,124,-26,-29,31,-14,27,6,31,0,41,25,50,-11,41,-68,-43,-108,-113,-152,-150,-108,-38,-46,-12,-22,9,16,49,24,17,0,30,-59,-43,-151,-27,-49,0,-93,-70,-102,-98,-151,-126,-121,-128,-108,-93,-83,-47,-59,-59,-69,-30,-114,-59,-185,-121,-178,-105,-123,-53,-120,-113,-145,0,-25,-27,-159,-66,-67,-66,-63,-9,-9,-9,-9,-9,-12,8,-47,313,313,287,-226,0,-529,-455,-455,-539,-524,-533,-527,-467,-397,-390,-1537,-931,-1517,-529,-29977,-374,-1489,-1091,-29977,-511,-29988,-29989,-29989,-29990,-29990,-29985,-29985,-29986,-29986,-29987]} 1. Nf3 d5 2. g3 c5 3. d3 Nc6 4. Bg2 e5 5. Nbd2 Nf6 6. e4 h6 {A08: King's Indian Attack.} (6... Be6 $11) 7. O-O Be6 8. exd5 Nxd5 {The position is equal.} 9. Re1 {[#]} f6 $146 ({Predecessor:} 9... Qc7 10. Nc4 Bg4 11. Ncxe5 Nxe5 12. Rxe5+ Qxe5 13. Nxe5 Bxd1 14. Bxd5 Bxc2 15. Bxf7+ Ke7 {0-1 (22) Saguid,V (1486)-Adkins,R (1682) San Francisco 2005}) 10. Nh4 Qd7 11. a3 (11. Ng6 $14 Rg8 12. Ne4) 11... O-O-O (11... Bg4 $11 12. Bf3 Bxf3 13. Qxf3 O-O-O) 12. Nc4 (12. c4 $14 Nde7 13. Ne4) 12... g5 13. Nf3 (13. Ng6 $15 Rg8 14. Nxf8 Rgxf8 15. Be3) 13... h5 14. Nxg5 fxg5 15. Bxg5 Be7 (15... Re8 $1 $17 16. c3 h4 $1 {[%mdl 512]} 17. Nxe5 Nxe5 18. Rxe5 Bg7) 16. Bxe7 $15 Qxe7 (16... Ndxe7 {keeps more tension.} 17. Nxe5 Qd6 18. Nc4 Bxc4 19. dxc4 Qf6) 17. Nxe5 Nxe5 18. Rxe5 Qd6 19. Qe2 {[%mdl 1024] White has compensation.} Nc7 20. Re1 {[%cal Re5e6]} Bg4 21. f3 (21. Qe4 $11 Qb6 22. Qc4) 21... Bd7 $1 22. c3 (22. Qf2 $15) 22... Rde8 (22... h4 $17 {Strongly threatening ...Bc6.} 23. g4 h3) 23. f4 $11 Bb5 24. Bh3+ (24. Qe4 $11 Bc6 25. Qf5+ Bd7 26. Rxe8+ Rxe8 27. Rxe8+ Nxe8 28. Qxh5) 24... Kb8 $17 25. c4 Bc6 26. Bg2 (26. Bf5 $142) 26... Qd4+ 27. Qe3 Rxe5 ({Reject} 27... Qxb2 $6 28. Bxc6 bxc6 29. Qxc5 $11) 28. fxe5 Qxe3+ (28... Ne6 {feels hotter.} 29. Bxc6 bxc6 30. Qxd4 Nxd4 31. Re4 a5) 29. Rxe3 Bxg2 30. Kxg2 {[%mdl 4096] Endgame KRN-KR} Ne6 31. b4 b6 32. h3 (32. Rf3 $11 {remains equal.}) 32... Kc7 (32... Rf8 $17) 33. g4 ({White should try} 33. Rf3 $15) 33... Rg8 ({Better is} 33... cxb4 $19 {...b3 is the strong threat.} 34. axb4 hxg4 35. hxg4 a5 36. bxa5 bxa5) 34. Kg3 (34. bxc5 $17 bxc5 35. Kg3) 34... hxg4 $19 35. hxg4 Rg5 (35... cxb4 $17 {And now ...b3 would win.} 36. axb4 a5 37. bxa5 bxa5) 36. Kh4 (36. Kf3 $15) 36... Kd7 37. Re4 a6 (37... Rg8 $17 38. Kg3 Rf8 39. bxc5 bxc5) 38. bxc5 bxc5 39. a4 (39. d4 $1 $11 {was the only way to keep the balance.}) 39... Kc6 (39... Rg8 $17 40. Re1 Nd4) 40. a5 Rg7 41. Re2 Rd7 (41... Rh7+ $15 42. Kg3 Rd7) 42. Rb2 $11 {aiming for Rb6+.} Rxd3 43. Rb6+ {[%mdl 64] Double Attack} Kd7 44. Rxa6 Rd4 45. Ra7+ (45. Rd6+ $1 $11 Rxd6 46. exd6) 45... Ke8 $2 {[%mdl 8192] [#]} (45... Nc7 $15 {stays ahead.} 46. Rb7 Rxc4) 46. a6 $1 $18 Rxc4 {[#] Hoping for ...Ra4.} 47. Ra8+ $4 {[%mdl 8192]} (47. Rb7 $1 $18 {is the narrow road to win.}) 47... Kf7 $2 ({Black should play} 47... Kd7 $19 48. Kh5 Ra4) 48. a7 $2 {[%mdl 8192]} (48. Rb8 $11 Ra4 49. Rb7+ Kg6 50. Rb6) 48... Ra4 $19 49. Kh5 Nc7 50. Rc8 Rxa7 51. g5 {White hopes to continue with Kh6.} Ke7 52. g6 {Black must now prevent g7.} Ne6 53. Rc6 $2 (53. Rh8 Ra1 54. Rh7+ Kd8 55. Kg4) 53... Ra1 54. Kg4 Rh1 (54... Rg1+ $142 55. Kh5 Nf4+ 56. Kh4 Nxg6+ {[%mdl 64] Double Attack} 57. Kh5 Nf4+ 58. Kh4 Nd3) 55. Kf3 Rf1+ $2 (55... Nd4+ {mates} 56. Ke4 Nxc6 57. Kd5 Rg1 58. Kxc5 Rxg6 59. Kd5 Nb4+ 60. Kd4 Rg4+ 61. Ke3 Nd5+ 62. Ke2 Rd4 63. Kf3 Ke6 64. Ke2 Kxe5 65. Kf3 Rd3+ 66. Kf2 Nf4 67. Kf1 Ke4 68. Kf2 Rf3+ 69. Kg1 Ke3 70. Kh2 Kf2 71. Kh1 Rh3#) 56. Kg4 $2 (56. Ke4 Rf4+ 57. Kd3) 56... Rg1+ 57. Kf3 Rxg6 (57... Nd4+ $142 58. Kf2 Nxc6 59. Kxg1 Nxe5 60. Kf2 Nxg6 61. Ke1 Kd6 62. Kf1 c4 63. Ke2 Kc5 64. Ke3 Kd5 65. Ke2 Kd4 66. Kd2 c3+ 67. Kc2 Nf4 68. Kb3 Kd3 69. Kb4 c2 70. Kc5 c1=Q+ 71. Kd6 Ke4 72. Ke7 Qc7+ 73. Kf6 Nd5+ 74. Kg5 Qg7+ 75. Kh4 Kf4 76. Kh5 Qh7#) 58. Ke4 (58. Ke3 $19) 58... Ng5+ {[%mdl 64] Discovered Attack. Black mates.} 59. Kd5 Rxc6 60. Kxc6 Ne6 61. Kd5 Kd7 62. Kc4 Kc6 {Quite a comeback for Black. Accuracy: White = 28%, Black = 43%.} 0-1

[Event "448. Wednesday (05.08.2020)"]
[Site "Official B"]
[Date "2020.08.05"]
[Round "5"]
[White "Action26"]
[Black "Weissi"]
[Result "1-0"]
[WhiteElo "1893"]
[BlackElo "1447"]
[Annotator "NA RC"]
[PlyCount "77"]
[EventDate "2020.08.05"]
[EventType "swiss (blitz)"]

1. d4 {[%emt 0:00:02]} e6 {[%emt 0:00:01]} 2. c4 {[%emt 0:00:01]} d5 {[%emt 0:00:02]} 3. Nf3 {[%emt 0:00:01]} Nf6 {[%emt 0:00:03]} 4. g3 {[%emt 0:00:01]} c6 {[%emt 0:00:03]} 5. Qc2 {[%emt 0:00:02]} Bd6 {[%emt 0:00:06]} 6. Bg2 {[%emt 0:00:01]} O-O {[%emt 0:00:03]} 7. O-O {[%emt 0:00:01]} Nbd7 {[%emt 0:00:17]} 8. Nbd2 {[%emt 0:00:01]} Qe7 {[%emt 0:00:09]} 9. e4 {[%emt 0:00:02]} dxe4 {[%emt 0:00:02]} 10. Nxe4 {[%emt 0:00:01]} Nxe4 {[%emt 0:00:04]} 11. Qxe4 {[%emt 0:00:00]} Nf6 {[%emt 0:00:04]} 12. Qd3 {[%emt 0:00:02]} h6 {[%emt 0:00:13]} 13. Be3 {[%emt 0:00:02]} e5 {[%emt 0:00:17]} 14. dxe5 {[%emt 0:00:05]} Bxe5 {[%emt 0:00:01]} 15. Nxe5 {[%emt 0:00:01]} Qxe5 {[%emt 0:00:01]} 16. b3 {[%emt 0:00:06]} Bf5 {[%emt 0:00:07]} 17. Qe2 {[%emt 0:00:04]} Rfd8 {[%emt 0:00:10]} 18. Rad1 {[%emt 0:00:04]} Ne4 {[%emt 0:00:13]} 19. Bf4 {[%emt 0:00:21]} Qe6 {[%emt 0:00:23]} 20. Rc1 {[%emt 0:00:29]} g5 {[%emt 0:00:20]} 21. Be3 {[%emt 0:00:05]} Nf6 {[%emt 0:00:20]} 22. Rfd1 {[%emt 0:00:03]} Bg4 {[%emt 0:00:14]} 23. Bf3 {[%emt 0:00:04]} Bh3 {[%emt 0:00:20]} 24. Bg2 {[%emt 0:00:05]} Bg4 {[%emt 0:00:07]} 25. f3 {[%emt 0:00:02]} Bh3 {[%emt 0:00:06]} 26. Re1 {[%emt 0:00:10]} Bxg2 {[%emt 0:00:07]} 27. Kxg2 {[%emt 0:00:00]} Qd6 {[%emt 0:00:09]} 28. Rcd1 {[%emt 0:00:03]} Qc7 {[%emt 0:00:03]} 29. Bd4 {[%emt 0:00:05]} Nh5 {[%emt 0:00:07]} 30. Be5 {[%emt 0:00:05]} Qb6 {[%emt 0:00:08]} 31. Rxd8+ {[%emt 0:00:09]} Rxd8 {[%emt 0:00:02]} 32. Rd1 {[%emt 0:00:01]} Re8 {[%emt 0:00:06]} 33. Qb2 {[%emt 0:00:05]} f6 {[%emt 0:00:03]} 34. Bd4 {[%emt 0:00:06]} Qc7 {[%emt 0:00:06]} 35. Qc2 {[%emt 0:00:04]} Kg7 {[%emt 0:00:04]} 36. Qd2 {[%emt 0:00:28]} Nf4+ {[%emt 0:00:11]} 37. gxf4 {[%emt 0:00:03]} gxf4 {[%emt 0:00:01]} 38. Bxf6+ {[%emt 0:00:04]} Kxf6 {[%emt 0:00:03]} 39. Qb2+ {[%emt 0:00:02] Zeit (Lag: Av=0.64s, max=1.3s)} 1-0